Top 10 Most Populous U.S. Cities Starting With J - Statistics

General Stats
  • This quiz has been taken 59 times
    50 since last reset
  • The average score is 7 of 10
Answer Stats
State Answer Population % Correct
Mississippi Jackson 138 k
100%
Tennessee Jackson 69 k
100%
Florida Jacksonville 1 m
100%
North Carolina Jacksonville 69 k
100%
New Jersey Jersey City 290 k
91%
Illinois Joliet 148 k
73%
Arkansas Jonesboro 81 k
41%
Tennessee Johnson City 75 k
30%
California Jurupa Valley 108 k
30%
Georgia Johns Creek 82 k
14%
No matching quizzes found
Score Distribution
Percent of People with Each Score
Percentile by Number Answered
Your Score History
You have not taken this quiz since the last reset